000 00657nam a2200205Ii 4500
003 JO-AjNU
008 230605s9999||||xx |||||||||||||| ||und||
017 _a1996/8/1125
040 _aJO-AjNU
_bara
_erda
_cJO-AjNU
041 _aara
050 1 4 _aPJ7808.D12.A14 1996
100 3 _aتأليف أبو داهود، يوسف جميل,
_eauthor
_948744
245 0 0 _aالأوراق تسقط خارج الدائرة
264 3 1 _aإربد:المؤلف،1996
300 _a127ص
336 _atext
_btxt
_2rdacontent
337 _aunmediated
_bn
_2rdamedia
338 _avolume
_bnc
_2rdacarrier
650 4 _a القصص العربية القصيرة
_948745
999 _aA21367
_c24935
_d24935